El Salvador: perspectiva militar
Furkejuvvon:
| Materiálatiipa: | Texto |
|---|---|
| Fáttát: | |
| Fáddágilkorat: |
Lasit fáddágilkoriid
Eai fáddágilkorat, Lasit vuosttaš fáddágilkora!
|
MARC
| LEADER | 00000 a a2200000 04500 | ||
|---|---|---|---|
| 001 | 18129 | ||
| 003 | |||
| 040 | |a CRAI/IIS |c CRAI/IIS | ||
| 245 | |a El Salvador: |b perspectiva militar | ||
| 650 | |a MILITARISMO | ||
| 650 | |a POLITICA | ||
| 650 | |a EL SALVADOR | ||
| 773 | |g volumen 7, número 44; páginas 692 | ||
| 999 | |c 20151 |d 20151 | ||
| 773 | 0 | |0 42391 |9 4194 |a Agencia Latinoamericana de Información, ALAI |d Quito, Ecuador: ALAI |o 03962 |t ALAI: |x 08275564 (Servicio mensual de información y documentación) | |
